Normal view
MARC view
- Chemistry
Entry Topical Term
001 - CONTROL NUMBER
- control field: 69966
003 - CONTROL NUMBER IDENTIFIER
- control field: OSt
005 - DATE AND TIME OF LATEST TRANSACTION
- control field: 20220806111702.0
008 - FIXED-LENGTH DATA ELEMENTS
- fixed length control field: 220806|| aca||aabn | a|a d
040 ## - CATALOGING SOURCE
- Original cataloging agency: OSt
- Transcribing agency: OSt
150 ## - HEADING--TOPICAL TERM
- Topical term or geographic name entry element: Chemistry
670 ## - SOURCE DATA FOUND
- Source citation: Work cat.: (OSt)39214: Date, S. G. And Others 69965, Inorganic Chemistry: First Term (semester Iii), 2015